| 000 -LEADER |
| fixed length control field |
00338cam a22001217a 4500 |
| 008 - FIXED-LENGTH DATA ELEMENTS--GENERAL INFORMATION |
| fixed length control field |
180718b1955 xxu||||| |||| 00| 0 eng d |
| 082 ## - DEWEY DECIMAL CLASSIFICATION NUMBER |
| Classification number |
T000x47 Y48 |
| 100 ## - MAIN ENTRY--PERSONAL NAME |
| Personal name |
Yevenko, I. |
| 245 ## - TITLE STATEMENT |
| Title |
Planning in the U.S.S.R. |
| Statement of responsibility, etc. |
by I. Yevenko |
| 260 ## - PUBLICATION, DISTRIBUTION, ETC. |
| Place of publication, distribution, etc. |
Moscow |
| Name of publisher, distributor, etc. |
Foreign Language |
| Date of publication, distribution, etc. |
1955 |
| 300 ## - PHYSICAL DESCRIPTION |
| Extent |
249p. |
| 650 ## - SUBJECT ADDED ENTRY--TOPICAL TERM |
| Topical term or geographic name entry element |
Russia --Economic policy --1959 |